000 00906nam a2200277Ia 4500
001 Para_3178
003 CHAP
008 220125s1987 xx 000 0 und d
010 _a198769
040 _cCHAP
090 _aPA TESIS 411
100 _aCastellanos Hernández, David
_920003
245 _aPlagas insectiles y ácaros de la guanábana (Annona muricata L.) /
_c David Castellanos Hernández
260 _aChapingo, Méx. :
_b El autor
300 _a115 h.
502 _aTesis (Ing. Agr. Esp. en Parasitología Agrícola) -- UACh. Departamento de Parasitología Agrícola
650 _aGuanábana
_x Plagas Acaros
_9164070
710 _aUACh. Departamento de Parasitología Agrícola
_9115877
901 _aPA TESIS 411
902 _aA
905 _a0000001987 CHAa 0000000000 00
910 _a1987
942 _cPARA
942 _cPARA
_d1
999 _c198769
_d198769